000 004550000a22001810004500
003 MACL
005 20150908154019.0
008 150908b xxu||||| |||| 00| 0 eng d
040 _aMACL
_cMACL
041 _aEnglish
082 _a800
100 _aPublications Division
_94489
245 _aGreat Lives Great Words
_bMahatma Gandhi
260 _bPublications Division
_c1994
_aDelhi
350 _a15
650 _aLiterature
_99334
942 _cBK
_k800
_2ddc
999 _c2681
_d2681